Guns N' Roses or Nirvana? - Statistics

General Stats
  • This quiz has been taken 84 times
  • The average score is 33 of 40
Answer Stats
Hint Answer % Correct
Sweet Child O' Mine Guns N' Roses
92%
Smells Like Teen Spirit Nirvana
92%
Come As You Are Nirvana
92%
Welcome To The Jungle Guns N' Roses
90%
Knockin' On Heaven's Door Guns N' Roses
90%
November Rain Guns N' Roses
90%
Paradise City Guns N' Roses
89%
Rocket Queen Guns N' Roses
89%
Heart-Shaped Box Nirvana
89%
In Bloom Nirvana
88%
Rape Me Nirvana
88%
Dumb Nirvana
88%
Polly Nirvana
88%
Civil War Guns N' Roses
86%
Something In The Way Nirvana
86%
Chinese Democracy Guns N' Roses
85%
Mr. Brownstone Guns N' Roses
85%
Lithium Nirvana
85%
All Apologies Nirvana
85%
Aneurysm Nirvana
85%
Out Ta Get Me Guns N' Roses
84%
About A Girl Nirvana
84%
Dead Horse Guns N' Roses
82%
You Could Be Mine Guns N' Roses
81%
Breed Nirvana
81%
Lounge Act Nirvana
81%
Get In The Ring Guns N' Roses
79%
Shotgun Blues Guns N' Roses
79%
Drain You Nirvana
79%
New Rose Guns N' Roses
78%
Right Next Door To Hell Guns N' Roses
78%
The Garden Guns N' Roses
77%
Think About You Guns N' Roses
77%
Sliver Nirvana
77%
Pennyroyal Tea Nirvana
77%
Don't Damn Me Guns N' Roses
75%
Since I Don't Have You Guns N' Roses
71%
Stay Away Nirvana
71%
School Nirvana
68%
You Know You're Right Nirvana
59%
No matching quizzes found
Score Distribution
Percent of People with Each Score
Percentile by Number Answered
Your Score History
You have not taken this quiz